000 00501nam a2200157 i 4500
001 83026
003 ES-MaACL
005 20230906174752.0
007 t|
008 041115s1970 sp s ||||1| spa d
245 0 0 _aEncuesta sobre bienes de consumo en las familias
_b: marzo de 1969 /
_cInstituto Nacional de Estadística.
260 _aMadrid :
_b[s.n.,
_c1970]
300 _a200 p. ;
_c29 cm.
710 2 _aInstituto Nacional de Estadística (España)
_95162
852 _aES-MaACL
_jC-41010
_bR.74319
999 _c83026
_d83026